Statistics for Xarnac's Christmas Quiz

Click here to take the quiz!

General Stats

  • This quiz has been taken 2 times
  • The average score is 4 of 20

Answer Stats

HintAnswer% Correct
In the first official episode of the Simpsons, the family adopt a dog on Christmas eve - but what was the dog's name?Santa's Little Helper
100%
How many ghosts appear in a Muppet Christmas Carol?5
50%
What is the best selling Christmas song of all time?All I Want For Christmas Is You
50%
Christmas Island is an external territory of which country?Australia
50%
Who famously banned Christmas in England?Oliver Cromwell
50%
In the movie Home Alone, Kevins family leave him behind after catching a flight - to what destination?Paris
50%
Shane McGowan sadly died this year aged 65. But what day was he born?25/12/57
0%
Who was the last X Factor winner to achieve a Christmas No. 1?Ben Haenow
0%
What is the only song to be Christmas No. 1 twice?Bohemian Rhapsody
0%
What great Frankish king was crowned emperor on Christmas Day, 800 A.D.?Charlemagne
0%
Who narrated the 1982 Christmas animation "The Snowman"?David Bowie
0%
Mistletoe is actually an ancient Anglo Saxon word - which literally translates to what?Dung on a stick
0%
In the movie Elf, what is the name of the department store where Buddy briefly works?Gimbles
0%
What is New Year's Eve known as in Scotland?Hogmanay
0%
What is the name of the Grinch's dog?Max
0%
Which of these stars has never released a Christmas album? Sir Paul McCartney, Bob Dylan, Snoop Dogg, or James Brown?Sir Paul McCartney
0%
Tis the season for trees to be cut down and decorated in our homes. But this year, a teenage boy made headlines by felling what famous tree by Hadrian's Wall?Sycamore Gap
0%
Finally, who is credited with inventing fairy lights for use at Christmas?Thomas Edison
0%
What is the name of the toy sought after by Arnold Schwarzenegger's character in 'Jingle All The Way'?Turbo Man
0%
Santa Claus is often known as St Nicholas - but what modern day country was the real St Nicholas born in?Turkey
0%

Score Distribution

Percentile by Number Answered

Percent of People with Each Score

Your Score History

You have not taken this quiz